000 00383nam a22001577a 4500
999 _c717
_d717
005 20210831105848.0
008 160513b xxu||||| |||| 00| 0 eng d
041 _aeng
082 _b1861
_a343.07
100 _aK.M. Pillai
_9550
245 _aLabour and Industrial Law
260 _aFaridabad
_bAllahabad law agency
_c2003
300 _a540
650 _aManagement
_9241
942 _cBK